00548nam a22001817a 450000500170000001000150001702000260003202000150005803500140007303700130008708200060010010000180010624501240012425000100024826000390025827000480029730000210034520230503150606.0 aENG-136760 a9788188965762c350.00 a8188965766 aEN-120292 bDBAD/PUB aS aHosain, Attia aDistant Traveller :bNew & Selected Fiction /cBy Attia Hosain Selected & Edited By Aamer Hussein With Shama Habibullah aFirst aNew Delhi bWomen Unlimited c2013 aK-36, Hauz Khas EnclavebNew Delhi e110016 a234p.;c22m(pbk)